000 03935cam a22012854i 4500
001 u21848
003 PE-LiUPU
005 20250813185359.0
008 150623s1998 sp r 000 0 spa d
020 _a8482670298
035 _a(Sirsi) i9788482670294
040 _aPE-LiUPU
_bspa
_cPE-LiUPU
_erda
049 _aPRUA
100 1 _aEstrada, Antonio,
_eautor.
245 1 3 _aLa familia: crisis y oportunidades.
264 1 _aTerrasa, Barcelona :
_bClie,
_c1998.
300 _a219 páginas ;
_c23 centímetros
336 _atext
_2rdacontent
337 _aunmediated
_2rdamedia
338 _avolume
_2rdacarrier
505 0 _aLa mujer: ¿reina o esclava? -- Comienza la revolución -- La mujer: antes y después de la caída -- La mujer en el tiempo de Cristo y de los apóstoles -- Movimiento masculino -- El hombre moderno ante una encrucijada (primera parte) -- El hombre moderno (segunda parte: el hombre pródigo) -- ¡Su majestad el niño! -- Manos prodigiosas -- El valor de ser diferentes -- Pensamientos finales.
526 _aP202
526 _aP201
526 _aP163
526 _aP162
526 _aP161
526 _aP160
526 _aP148
526 _aP147
526 _aP146
526 _aP145
526 _aP144
526 _aP143
526 _aP142
526 _aP141
526 _aP140
526 _aP139
526 _aP138
526 _aP137
526 _aP136
526 _aP135
526 _aP134
526 _aP133
526 _aP129
526 _aP128
526 _aP127
526 _aP120
526 _aP119
526 _aP118
526 _aP116
526 _aP115
526 _aP114
526 _aP110
526 _aP109
526 _aP108
526 _aP104
526 _aP103
526 _aP102
526 _aP99
526 _aP98
526 _aP97
526 _aP96
526 _aP95
526 _aP93
526 _aP90
526 _aP89
526 _aP88
526 _aP83
526 _aP82
526 _aP62
526 _aP59
526 _aP58
526 _aP57
526 _aP51
526 _aP49
526 _aP48
526 _aP47
526 _aP29
526 _aP24
526 _aP20
526 _aP19
526 _aP17
526 _aP15
526 _aP14
526 _aP12
526 _aP10
526 _aP09
526 _aP08
526 _aP07
526 _aP06
526 _aP05
526 _aP04
526 _aP01
596 _a1 2
650 0 4 _aFAMILIA
_xRELACIONES.
650 0 4 _aMUJER Y RELIGION.
650 0 4 _aMUJER Y SOCIEDAD
_xPADRES E HIJOS.
942 _2ddc
_cBOOK
994 _aC0
_bPEPRU
949 _a241.62 E92
_wDEWEY
_c1
_iFT01597
_lCCODEBUT1
_mBUT
_r0
_sY
_tBOOK
_u2015-11-19
_xBIBLIOTECA
_zUNKNOWN
_0DONACION
_o.STAFF. Colección General
949 _a306.8 E93
_wDEWEY
_c1
_i1000765
_lCCODEBUJ1
_mBUJ
_p57.00
_r0
_sY
_tBOOK
_u2015-10-1
_xSALUD
_PP33
_0COMPRA
_o.STAFF. Colección General
949 _a306.8 E93
_wDEWEY
_c1
_i45492
_f2018-2-8
_g2
_lCCODEBUL1
_mBUL
_r0
_sY
_tBOOK
_u2015-6-24
_xEDUCACION
_zUNKNOWN
_0COMPRA
_o.STAFF. Colección General
949 _a306.8 E93
_wDEWEY
_c2
_i55024
_d2017-8-22
_e2017-8-20
_f2018-2-8
_g2
_lCCODEBUL1
_mBUL
_n1
_r0
_sY
_tBOOK
_u2015-6-24
_xEDUCACION
_PP35
_0COMPRA
_o.STAFF. Colección General
999 _a306.8 E93
_wDEWEY
_c22356
_i45492
_f2021-11-4
_g5
_lCCODEBUL1
_mBUL
_r0
_sY
_tBOOK
_u2015-6-24
_xBIBLIOTECA
_zUNKNOWN
_0COMPRA
_o.STAFF. Colección General
_d22356
999 _a306.8 E93
_wDEWEY
_c2
_i55024
_d2017-8-22
_e2017-8-20
_f2021-11-4
_g5
_lCCODEBUL1
_mBUL
_n1
_r0
_sY
_tBOOK
_u2015-6-24
_xBIBLIOTECA
_PP35
_0COMPRA
_o.STAFF. Colección General
999 _a241.62 E92
_wDEWEY
_c1
_iFT01597
_f2019-2-20
_g1
_lCCODEBUT1
_mBUT
_r0
_sY
_tBOOK
_u2015-11-19
_xBIBLIOTECA
_zUNKNOWN
_0DONACION
_o.STAFF. Colección General
980 _81
_gALBERTO SANCHEZ Responsable de Automatización